000 00348nam a2200145Ia 4500
005 20251222153522.0
008 251222s9999||||xx |||||||||||||| ||spa||
020 _a8448216156
082 _a363.45/S21
100 _aSanchis Fortea, Manuel
245 0 _aAlcohol y Drogas:
250 _a1ra. ed.
264 _bGeneralitat Valenciana
942 _cLIB
999 _c29765
_d29765